Charakteristika automobilového priemyslu a jeho význam v hospodárstve SR

Poukázanie na význam odvetvia automobilového priemyslu v Slovenskej republike, konkrétne na jeho význam v národnom hospodárstve krajiny. Pozitívne, negatívne stránky automobilového priemyslu a vplyvy automobilového priemyslu na rôzne ekonomické ukazovatele. Popísanie vývoja investícií do AP na Slove...

Descripción completa

Guardado en:
Detalles Bibliográficos
Autor principal: Kopkáš, Peter
Formato: Capítulo de libro
Lenguaje:eslovaco
Materias:
Etiquetas: Agregar Etiqueta
Sin Etiquetas, Sea el primero en etiquetar este registro!

MARC

LEADER 00000nla$a2200000$$$4500
001 0083688
005 20240502071936.1
041 0 |a slo 
044 |a SK 
245 1 0 |a Charakteristika automobilového priemyslu a jeho význam v hospodárstve SR  |c Peter Kopkáš 
520 |a Poukázanie na význam odvetvia automobilového priemyslu v Slovenskej republike, konkrétne na jeho význam v národnom hospodárstve krajiny. Pozitívne, negatívne stránky automobilového priemyslu a vplyvy automobilového priemyslu na rôzne ekonomické ukazovatele. Popísanie vývoja investícií do AP na Slovensku. 
610 2 0 |a priemysel automobilový 
610 2 0 |a hospodárstvo národné 
610 2 0 |a ukazovatele ekonomické 
610 2 0 |a investície 
610 2 0 |a Slovensko 
100 1 |a Kopkáš, Peter